000 00866nam a2200217 i 4500
001 154857
003 ES-MaACL
005 20250901021459.0
008 040709s1886 sp |||| |bspa d
040 _aCAM
_bspa
_cCAM
080 _a929:78 Albéniz, Isaac
100 1 _aGuerra y Alarcón, Antonio.
_9127603
245 1 0 _aIsaac Albéniz
_b: notas crítico-biográficas de tan eminente pianista /
_cpor Antonio Guerra y Alarcón.
260 _aMadrid :
_b[s.n.],
_c1886 (
_fEscuela Tipográfica del Hospicio)
300 _a47 p. ;
_c17 cm.
490 1 _aGalería de la juventud artístico-literaria
600 1 7 _aAlbéniz, Isaac,
_d1860-1909
_2embne
_919261
830 0 _aGalería de la juventud artístico-literaria
_9221515
852 _aES-MaACL
_jT-480-F-1
_z- Enc. hol., falto de la cub. original
_z- Enc. en un vol. facticio
999 _c154857
_d154857